Transient circuit analysis, (Record no. 545561)
[ view plain ]
| 000 -LEADER | |
|---|---|
| fixed length control field | 00581cam a22001811 4500 |
| 082 ## - DEWEY DECIMAL CLASSIFICATION NUMBER | |
| Classification number | 621.31921 |
| Author Mark | KUY |
| -- | L-10, P-31 |
| 100 1# - MAIN ENTRY--PERSONAL NAME | |
| Personal name | Ku, I-chʻiao, |
| 9 (RLIN) | 41457 |
| 245 10 - TITLE STATEMENT | |
| Title | Transient circuit analysis, |
| Statement of responsibility, etc. | by Y. H. Ku. |
| 260 ## - PUBLICATION, DISTRIBUTION, ETC. | |
| Place of publication, distribution, etc. | Princeton, N.J., |
| Name of publisher, distributor, etc. | Van Nostrand |
| Date of publication, distribution, etc. | [1961] |
| 300 ## - PHYSICAL DESCRIPTION | |
| Extent | xiv, 441 p. |
| Other physical details | illus. |
| Dimensions | 24cm. |
| 526 ## - STUDY PROGRAM INFORMATION NOTE | |
| Program name | 0 |
| Interest level | 0 |
| Reading level | 0 |
| Title point value | 621_319210000000000_KUY |
| 650 #0 - SUBJECT ADDED ENTRY--TOPICAL TERM | |
| Topical term or geographic name entry element | Electromechanical analogies. |
| 9 (RLIN) | 41458 |
| 650 #0 - SUBJECT ADDED ENTRY--TOPICAL TERM | |
| Topical term or geographic name entry element | Mathematical physics. |
| 9 (RLIN) | 8499 |
| 650 #0 - SUBJECT ADDED ENTRY--TOPICAL TERM | |
| Topical term or geographic name entry element | MCE |
| 9 (RLIN) | 379 |
| 650 #0 - SUBJECT ADDED ENTRY--TOPICAL TERM | |
| Topical term or geographic name entry element | Transients (Dynamics) |
| 9 (RLIN) | 41459 |
| 650 #0 - SUBJECT ADDED ENTRY--TOPICAL TERM | |
| Topical term or geographic name entry element | Transients (Electricity) |
| 9 (RLIN) | 39234 |
| 942 ## - ADDED ENTRY ELEMENTS (KOHA) | |
| Source of classification or shelving scheme | |
| Koha item type | Book |
| Withdrawn status | Lost status | Source of classification or shelving scheme | Damaged status | Not for loan | Permanent Location | Current Location | Date acquired | Total Checkouts | Full call number | Barcode | Date last seen | Price effective from | Koha item type |
|---|---|---|---|---|---|---|---|---|---|---|---|---|---|
| Military College of Engineering (MCE) | Military College of Engineering (MCE) | 05/27/2014 | 621.31921 KUY | MCE-2449 | 05/27/2014 | 05/27/2014 | Book |
